Представление документа в формате MARC21

Поле Инд. ПП Название Значение
Тип записи a
Библиографический уровень m
001 Контрольный номер b57973e77d444f7489cd159abd196208
005 Дата корректировки 20161226144304.4
008 Кодируемые данные 160215|||||||||ru |||||||||||||||||rus||
020 a ISBN 978-5-86185-801-4
041 0_ a Код языка текста rus
084 a Индекс другой классификации/Индекс ББК 75.1+75.5
090 a Полочн. индекс 75
x Авторский знак М 54
245 10 a Заглавие Методика проведения учебных занятий по физическому воспитанию в высших учебных заведениях
b Продолж. заглавия учеб.-метод. пособие по дисциплине "Физическая культура" для преподавателей физ. культуры высш. учеб. заведений, для студентов и курсантов всех специальностей и направлений подгот.
c Ответственность Федер. агентство по рыболовству, ФГБОУ ВПО "Мурман. гос. техн. ун-т"
260 a Место издания Мурманск
b Издательство Изд-во МГТУ
c Дата издания 2015
300 a Объем 284 с.
500 a Примечание Имеется электрон. аналог 2015 г.
504 a Библиография Библиогр. в конце глав
583 x Служебное примечание Физ. культура. ВПО
650 04 a Основная рубрика Высшие учебные заведения-Физическая культура-Учебные издания для высших учебных заведений
653 0_ a Ключевые слова Атлетическая гимнастика; Аэробика; Баскетбол; Волейбол; Вузы; Высшие учебные заведения; Гиревой спорт; Легкая атлетика; Настольный теннис; Спортивные игры; Физическое воспитание; Физическое здоровье; Труды преподавателей МГТУ
700 12 a Другие авторы Шелков М. В.
700 12 a Другие авторы Минин Е. Ф.
700 12 a Другие авторы Щербина Ю. Ф.
700 12 a Другие авторы Ключников С. А.
700 12 a Другие авторы Уханов М. В.
700 12 a Другие авторы Козин А. В.
700 12 a Другие авторы Щербина А. Ф.
700 12 a Другие авторы Щербина Ф. А.
700 12 a Другие авторы Беляева О. К.
700 12 a Другие авторы Лузина С. А.
710 12 a Организация/ юрисдикция Мурманский государственный технический университет
900 a Имя макрообъекта Шелков М. В. Методика проведения учебных занятий по физическому воспитанию в высших учебных заведениях
901 t Тип документа m
952 c Вид литературы учебно-методическое издание
b Гриф литературы для ВШ Допущено Ученым советом МГТУ